| 000 | 00435nam a22001817a 4500 | ||
|---|---|---|---|
| 003 | MPLRDC | ||
| 005 | 20220104143132.0 | ||
| 008 | 210129b ||||| |||| 00| 0 eng d | ||
| 082 | _a880.57 QKF | ||
| 100 | _a汝龙译 | ||
| 245 |
_a契诃夫小说选 _c |
||
| 250 | _a一版一刷 | ||
| 260 |
_a _b人民文学出版社 _c1979 |
||
| 300 | _b平 | ||
| 490 | _a文学小丛书 | ||
| 650 | _a俄国文学 | ||
| 942 |
_cBK _o880.57 QKF |
||
| 999 |
_c36967 _d36957 |
||